Hanley Smith v Darlington and others (Record no. 68562)
[ view plain ]
| 000 -LEADER | |
|---|---|
| fixed length control field | 00870cam a2200193 4500 |
| 001 - CONTROL NUMBER | |
| control field | X115105 |
| 008 - FIXED-LENGTH DATA ELEMENTS--GENERAL INFORMATION | |
| fixed length control field | 011012n2001 000 0 eng u |
| 035 ## - SYSTEM CONTROL NUMBER | |
| System control number | (Sirsi) u115105 |
| 245 ## - TITLE STATEMENT | |
| Title | Hanley Smith v Darlington and others |
| 260 ## - PUBLICATION, DISTRIBUTION, ETC. | |
| Date of publication, distribution, etc. | 2001 |
| 490 ## - SERIES STATEMENT | |
| Series statement | Estates Gazette |
| Volume/sequential designation | [2001] 26 EG 160 (CS) (30/6/01) |
| 520 ## - SUMMARY, ETC. | |
| Summary, etc. | T&CC 19 July 2001. Claimant purchaser instructing defendant firm of surveyors to inspect property - Property subsequently requiring substantial remedial work - Claimant issuing proceedings - Whether defendants negligent in failing to draw attention to lack of diagonal bracing to trussed rafter of roof space - Claim dismissed. |
| 650 ## - SUBJECT ADDED ENTRY--TOPICAL TERM | |
| Topical term or geographic name entry element | HANLEY SMITH V DARLINGTON AND OTHERS |
| 650 ## - SUBJECT ADDED ENTRY--TOPICAL TERM | |
| Topical term or geographic name entry element | SURVEYORS' NEGLIGENCE |
| 650 ## - SUBJECT ADDED ENTRY--TOPICAL TERM | |
| Topical term or geographic name entry element | LIABILITY |
| 650 ## - SUBJECT ADDED ENTRY--TOPICAL TERM | |
| Topical term or geographic name entry element | Inspection |
| 9 (RLIN) | 6248 |
| 690 ## - LOCAL SUBJECT ADDED ENTRY--TOPICAL TERM (OCLC, RLIN) | |
| Topical term or geographic name as entry element | PROFESSIONAL PRACTICE-NEGLIGENCE-CASE LAW |
| 942 ## - ADDED ENTRY ELEMENTS (KOHA) | |
| Suppress in OPAC | 0 |
| Withdrawn status | Lost status | Source of classification or shelving scheme | Damaged status | Not for loan | Home library | Current library | Shelving location | Date acquired | Total Checkouts | Barcode | Date last seen | Copy number | Price effective from | Koha item type |
|---|---|---|---|---|---|---|---|---|---|---|---|---|---|---|
| Dewey Decimal Classification | London | London | Journal article | 12/10/2001 | 115105-1001 | 06/08/2019 | 1 | 06/08/2019 | Law report |